000 00606nam a2200241Ia 4500
003 OSt
005 20221005122707.0
006 a|||||r|||| 00| 0
007 ta
008 221004b |||||||| |||| 00| 0 san d
024 _a59363
037 _cTextual
040 _aCRL
_cCRL
_bsan
041 _2san
_asan
082 _aO15,1D40,2, 33H7
100 _aKalidas Au.
_9182767
245 0 _aKannada rutu samhare
260 _c1947
650 _a SANSKRIT POETRY
_9155567
650 _aKALIDAS
942 _hO15,1D40,2, 33H7
_cTEXL
_2cc
999 _c1045104
_d1045104